000 00810nam a2200181 a 4500
008 160929s2016 ||||||||||||||||| || u
020 _a9781482861235
050 _aHC 915 ZAM
100 _aSumaili, Fanuel
245 1 0 _aZambia: at fifty years : what went right, what went wrong and wither to. A treatise of the country's socio-economic and political developments since independence
_cedited by Royson Mukwena & Fanuel Sumaili
260 _aSouth Africa
_bPartridge
_c2016
300 _ax, 390 pages
650 0 _aZAMBIA--POLITICS AND GOVERNMENT
650 0 _aZAMBIA--ECONOMIC CONDITIONS--1964-
650 _aZAMBIA--SOCIAL CONDITIONS
700 _aMukwena, Royson
995 _FCBU-MAIN LIBRARY (Kitwe)
_M1
_UAVAILABLE
_WSep 29, 2016
_ZZambiana Collection
999 _c62347
_d62347